000 00325 a2200145 4500
001 180444
020 _a
040 _cMagnum
100 _aPillar, Analia Dutra
240 1 0 _aFazendo artes na alfabetizacao
_lpor
245 1 0 _aFazendo artes na alfabetizacao
362 0 _a1899
697 _aMAGNITO: ENSINO
942 _cBK
999 _c180444
_d180444